Central Library OPAC University of Rajshahi

The structure of scientific thought : (Record no. 7514)

MARC details
000 -LEADER
fixed length control field 00785cam a22002651 4500
001 - CONTROL NUMBER
control field 7514
003 - CONTROL NUMBER IDENTIFIER
rucl marc code BD-RjUL
005 - DATE AND TIME OF LATEST TRANSACTION
control field 20211208234429.0
008 - FIXED-LENGTH DATA ELEMENTS--GENERAL INFORMATION
fixed length control field 140115s1960 maua b 000 0 eng
035 ## - SYSTEM CONTROL NUMBER
System control number (BD-RjUL)7558
System control number (OCoLC)399783
040 ## - CATALOGING SOURCE
Original cataloging agency DLC
Transcribing agency OAkU
Modifying agency OCoLC
-- DLC
-- BD-RjUL
Language of cataloging eng
041 ## - LANGUAGE CODE
Language code of text/sound track or separate title eng
082 00 - DEWEY DECIMAL CLASSIFICATION NUMBER
Classification number 501
Author mark and year MAS 1960
100 1# - MAIN ENTRY--PERSONAL NAME
Personal name Madden, Edward H.,
9 (RLIN) 23450
245 14 - TITLE STATEMENT
Title The structure of scientific thought :
Remainder of title An introduction to philosophy of science /
Statement of responsibility, etc. Edward H. Madden.
260 ## - PUBLICATION, DISTRIBUTION, ETC. (IMPRINT)
Place of publication, distribution, etc. Boston :
Name of publisher, distributor, etc. Houghton Mifflin,
Date of publication, distribution, etc. [1960]
300 ## - PHYSICAL DESCRIPTION
Pagination 381 p. :
Illustrations illus. ;
Size 25 cm.
504 ## - BIBLIOGRAPHY, ETC. NOTE
Bibliography, etc Includes bibliography.
650 #0 - SUBJECT ADDED ENTRY--TOPICAL TERM
Topical term or geographic name as entry element Science
General subdivision Philosophy.
9 (RLIN) 23451
942 ## - ADDED ENTRY ELEMENTS (KOHA)
Source of classification or shelving scheme Dewey Decimal Classification
Koha item type Books
Holdings
Lost status Source of classification or shelving scheme Damaged status Not for loan Permanent Location Current Location Shelving location Date acquired Source of acquisition Total Checkouts Full call number Date last seen Copy number Koha item type Collection code Cost, normal purchase price
  Dewey Decimal Classification     Central Library, University of Rajshahi Central Library, University of Rajshahi   24/11/1982 N/A   501 MAS 1960 15/01/2014 C-2 Books    
  Dewey Decimal Classification   Not For Loan Central Library, University of Rajshahi Central Library, University of Rajshahi   10/05/1968 Zeithlinger.   501 MAS 1960 16/01/2014 C-1 Books Non-fiction 50.00